000
00303nam a22001337a 4500
020
_a
978-81-264-2080-3
082
_a
823
_b
RAM/B
100
_a
RAMCHANDANI, VINITHA
245
_a
THE BIRDMAN
260
_a
KOTTAYAM
_b
DC BOOKS
300
_a
23.1.2019
650
_a
ENGLISH SHORT STORY
_z
KERALA
942
_c
BK
999
_c
3362
_d
3362